Jordi Boldó (Record no. 2810)

MARC details
000 - LÍDER
campo de control de longitud fija 00911nam a2200229Ia 4500
008 - ELEMENTOS DE DATOS DE LONGITUD FIJA - INFORMACIÓN GENERAL
campo de control de longitud fija 0000002003 usa 0000000000eng00
090 ## - NÚMERO DE LLAMADA DE TIPO LC LOCALMENTE ASIGNADO (OCLC)
Número de clasificación (OCLC) (R) PSP00 B64j
100 1# - ENTRADA PRINCIPAL - NOMBRE PERSONAL
Nombre de la persona Boldó, Jordi
Fechas asociadas a un nombre 1949
245 10 - TÍTULO DECLARACIÓN
Título Jordi Boldó
Resto del título : correspondences = correspondencias
Declaración de responsabilidad / fotografía Julián Boldó
260 ## - PUBLICACIÓN, DISTRIBUCIÓN
Lugar de publicación Miami : Pesqueira Gallery
Fecha de publicación 2003
300 ## - DESCRIPCIÓN FÍSICA
Alcance [48] p.
Dimensiones / 11 cm.
500 ## - NOTA GENERAL
Nota general Exposición realizada en Pesqueira Gallery, Miami, 2003 \ Con el patronazgo del maestro venezolano Jesús Rafael Soto (q.e.p.d.) \ Registro auspiciado por el IDCT. Bogotá
600 00 - ENTRADA DE SUJETO AÑADIDO - NOMBRE PERSONAL
Nombre de la persona BOLDO, JORDI, 1949/
Subdivisión general TRABAJOS PICTORICOS
650 14 - ENTRADA DE SUJETO AÑADIDO - TÉRMINO TÓPICO
Término tópico o elemento de entrada del nombre geográfico ARTE CONTEMPORANEO ESPAÑOL
650 14 - ENTRADA DE SUJETO AÑADIDO - TÉRMINO TÓPICO
Subdivisión general CATALOGOS
650 14 - ENTRADA DE SUJETO AÑADIDO - TÉRMINO TÓPICO
Subdivisión general EXPOSICIONES
650 14 - ENTRADA DE SUJETO AÑADIDO - TÉRMINO TÓPICO
Término tópico o elemento de entrada del nombre geográfico PINTORES ESPAÑOLES
650 14 - ENTRADA DE SUJETO AÑADIDO - TÉRMINO TÓPICO
Término tópico o elemento de entrada del nombre geográfico PINTURA ABSTRACTA ESPAÑOLA
650 14 - ENTRADA DE SUJETO AÑADIDO - TÉRMINO TÓPICO
Término tópico o elemento de entrada del nombre geográfico PINTURA ESPAÑOLA
700 1# - ENTRADA AGREGADA - NOMBRE PERSONAL
Nombre de la persona Boldó, Julián
Holdings
Estado de retirada Pérdida de estatus Estado dañado No para préstamo Código de recogida Ubicación permanente Ubicación actual Ubicación de las estanterías Fecha de adquisición Número de llamada completo Código de barras Fecha de la última vez que se vio Número de copia Precio efectivo desde Tipo de artículo Koha
        General ArtNexus ArtNexus General 06/09/2022 P-SP-00 B64J 2813 06/09/2022 Ej.1 06/09/2022 Libro

Powered by Koha